[Event "CZE-ch U16"]
[Site "Zlate Hory"]
[Date "2006.03.16"]
[Round "7"]
[White "Jonas, Vaclav"]
[Black "Fidrmuc, Ladislav"]
[Result "1-0"]
[WhiteElo "1886"]
[BlackElo "1596"]
[PlyCount "63"]
[EventDate "2006.03.11"]
[EventType "swiss"]
[EventRounds "9"]
[EventCountry "CZE"]
[SourceTitle "EXT 2008"]
[Source "ChessBase"]
[SourceDate "2007.11.25"]
[SourceVersion "1"]
[SourceVersionDate "2007.11.25"]
[SourceQuality "1"]

1. e4 e5 2. Nf3 Nf6 3. Nxe5 d6 4. Nf3 Nxe4 5. Bd3 Nc5 6. Be2 Nc6 7. 0-0 Be7 8. d4 Nd7 9. Re1 0-0 10. Nc3 Nb6 11. Bf4 d5 12. Nb5 Bd6 13. Nxd6 cxd6 14. Qd3 g6 15. Bg5 f6 16. Bh6 Re8 17. Nh4 Nxd4 18. Qxd4 Re4 19. Qd2 Rxh4 20. Bf4 g5 21. Bg3 Re4 22. Bd3 Rxe1+ 23. Rxe1 Bg4 24. Qb4 Qd7 25. Bb5 Qf5 26. Qxd6 Nc4 27. Qe7 Nd2 28. Be8 Rxe8 29. Qxe8+ Kg7 30. Bd6 Nf3+ 31. gxf3 Bxf3 32. Bf8+ 1-0

[Event "Prague op-B"]
[Site "Prague"]
[Date "2006.01.??"]
[Round "4"]
[White "Vavrousek, Petr"]
[Black "Fidrmuc, Ladislav"]
[Result "0-1"]
[WhiteElo "1909"]
[BlackElo "1871"]
[PlyCount "48"]
[EventDate "2006.07.02"]
[EventType "swiss"]
[EventRounds "7"]
[EventCountry "CZE"]
[SourceTitle "CBM 110 Extra"]
[Source "ChessBase"]
[SourceDate "2006.03.10"]
[SourceVersion "2"]
[SourceVersionDate "2006.03.10"]
[SourceQuality "1"]

1. e4 e5 2. Nf3 Nf6 3. d4 Nxe4 4. Bd3 d5 5. Nxe5 Bd6 6. 0-0 0-0 7. c4 Re8 8. Nxf7 Kxf7 9. Qh5+ Kf8 10. Bxe4 Rxe4 11. Bg5 Be7 12. f4 Kg8 13. Nc3 g6 14. Qh6 Rxd4 15. Nxd5 Nc6 16. Rae1 Rxd5 17. cxd5 Bxg5 18. fxg5 Ne7 19. Rf7 Kxf7 20. Qxh7+ Kf8 21. Qh8+ Ng8 22. Rf1+ Bf5 23. g4 Qxg5 24. h3 Re8 0-1

[Event "CZE-ch U16"]
[Site "Sec u Chrudimi"]
[Date "2005.10.28"]
[Round "8"]
[White "Slapnicka, Karel"]
[Black "Fidrmuc, Ladislav"]
[Result "1/2-1/2"]
[WhiteElo "1719"]
[BlackElo "1509"]
[PlyCount "89"]
[EventDate "2005.10.22"]
[EventType "swiss"]
[EventRounds "9"]
[EventCountry "CZE"]
[SourceTitle "EXT 2008"]
[Source "ChessBase"]
[SourceDate "2007.11.25"]
[SourceVersion "1"]
[SourceVersionDate "2007.11.25"]
[SourceQuality "1"]

1. e4 e5 2. Nf3 Nc6 3. Nc3 Nf6 4. Bc4 Nxe4 5. Nxe4 d5 6. Bxd5 Qxd5 7. Nc3 Qd8 8. d3 Bd6 9. h3 0-0 10. Be3 f5 11. 0-0 f4 12. Bd2 g5 13. Nh2 Qe8 14. Ne4 Qg6 15. f3 h5 16. c3 Kg7 17. Be1 Kh6 18. b4 Rg8 19. a4 a6 20. Ra2 Bf5 21. a5 Qe6 22. Qe2 Bxe4 23. dxe4 Rgd8 24. Bf2 Rd7 25. Rd1 Rad8 26. Rad2 Be7 27. Rxd7 Rxd7 28. Rxd7 Qxd7 29. Nf1 Nd8 30. Qd2 Qxd2 31. Nxd2 Ne6 32. Nb3 g4 33. hxg4 hxg4 34. Kf1 Kh5 35. Ke2 gxf3+ 36. gxf3 Kg6 37. Kd3 Ng5 38. Bh4 Bd6 39. Bxg5 Kxg5 40. Nd2 Kf6 41. Nc4 Ke6 42. Nxd6 Kxd6 43. c4 b6 44. axb6 cxb6 45. Kc3 1/2-1/2